000 00896 a2200229 4500
003 OSt
005 20180116182653.0
008 170824b xxu||||| |||| 00| 0 eng d
020 _a0834201771
040 _c0
082 0 4 _a362.110683 GAS 1990
100 1 _aCindy A. Orsund-Gassiot
245 1 0 _aHand Book of Medical Staff Management
_cCindy A. Orsund-Gassiot
260 _a[S.l.] :
_bAn Aspen Publication
_c1990
300 _a220 p. ;
_c24 cm.
_bHB
440 _aHand Book of Medical Staff Management
500 _aHardcover.
520 _aThis is a reprint. It covers all aspects of the relationship between health organizations and physicians.
856 4 0 _3Amazon.com
_uhttp://www.amazon.com/exec/obidos/ASIN/0870946463/chopaconline-20
856 4 0 _3Amazon customer reviews
_uhttp://www.chopac.org/cgi-bin/tools/azrev.pl?q=0870946463
942 _aNBS
_cBK
_k362.110683 GAS 1990
_2ddc
999 _c343764
_d343764